| 000 | 01283nam a2200325Ia 4500 | ||
|---|---|---|---|
| 001 | ebr10278513 | ||
| 003 | CaPaEBR | ||
| 006 | m u | ||
| 007 | cr cn||||||||| | ||
| 008 | 070917s2008 inu s 001 0 eng d | ||
| 010 | _z 2007038336 | ||
| 020 | _z9780470165348 | ||
| 040 |
_aCaPaEBR _cCaPaEBR |
||
| 035 | _a(OCoLC)608623450 | ||
| 050 | 1 | 4 |
_aQA76.3 _b.J6435 2008eb |
| 100 | 1 |
_aJohnson, Eric, _d1978- |
|
| 245 | 1 | 0 |
_aMCITP Microsoft Windows Vista _h[electronic resource] : _bdesktop support consumer study guide / _cEric Johnson, Eric Beehler. |
| 250 | _a1st ed. | ||
| 260 |
_aIndianapolis, IN : _bWiley Pub., _c2008. |
||
| 300 | _axxxvi, 509 p. | ||
| 500 | _aIncludes index. | ||
| 533 |
_aElectronic reproduction. _bPalo Alto, Calif. : _cebrary, _d2009. _nAvailable via World Wide Web. _nAccess may be limited to ebrary affiliated libraries. |
||
| 630 | 0 | 0 | _aMicrosoft Windows (Computer file) |
| 650 | 0 |
_aElectronic data processing personnel _xCertification. |
|
| 650 | 0 |
_aMicrosoft software _xExaminations _vStudy guides. |
|
| 655 | 7 |
_aElectronic books. _2local |
|
| 700 | 1 |
_aBeehler, Eric, _d1974- |
|
| 710 | 2 | _aebrary, Inc. | |
| 856 | 4 | 0 |
_uhttp://site.ebrary.com/lib/rucke/Doc?id=10278513 _zAn electronic book accessible through the World Wide Web; click to view |
| 999 |
_c5010 _d5010 |
||